Analýza nerovnosti príjmov a príjmovej chudoby v EÚ diplomová práca

Enregistré dans:
Détails bibliographiques
Auteur principal: Fedorková, Zuzana
Collectivité auteur: Podnikovohospodárska fakulta EU so sídlom v Košiciach. Katedra kvantitatívnych metód
Autres auteurs: Bosáková, Lucia
Format: Livre
Langue:slovaque
Publié: Košice 2015
Tags: Ajouter un tag
Pas de tags, Soyez le premier à ajouter un tag!

MARC

LEADER 00000nbm a2200000 4500
001 0202303
005 20161212094539.2
041 0 |a slo 
044 |a SK 
245 1 0 |a Analýza nerovnosti príjmov a príjmovej chudoby v EÚ  |b diplomová práca  |c Zuzana Fedorková ; školiteľ: Lucia Bosáková 
264 1 |a Košice  |c 2015 
300 |a 64 s. 
100 1 |a Fedorková, Zuzana 
700 1 |a Bosáková, Lucia 
710 2 |a Podnikovohospodárska fakulta EU so sídlom v Košiciach. Katedra kvantitatívnych metód